Получение ароматических углеводородов из низших алканов на цеолитных катализаторах, модифицированных оксидом галлия; Нефть и газ - 2018; Т. 2

מידע ביבליוגרפי
Parent link:Нефть и газ - 2018: 72-я Международная молодежная научная конференция, г. Москва, 23-26 апреля 2018 г./ Российский государственный университет нефти и газа им. И. М. Губкина (РГУ Нефти и Газа).— , 2018
Т. 2.— 2018.— [С. 315]
מחבר ראשי: Джалилова С. Н. София Насибуллаевна
מחבר תאגידי: Национальный исследовательский Томский политехнический университет Инженерная школа природных ресурсов Отделение нефтегазового дела
מחברים אחרים: Ерофеев В. И. Владимир Иванович (научный руководитель)
סיכום:Заглавие с экрана
שפה:רוסית
יצא לאור: 2018
סדרה:Проектирование, сооружение и эксплуатация систем трубопроводного транспорта
נושאים:
גישה מקוונת:http://neftegaz.gubkin.ru/site/assets/files/1405/sbornik_tezisov__tom_2.pdf#page=317
פורמט: MixedMaterials אלקטרוני Book Chapter
KOHA link:https://koha.lib.tpu.ru/cgi-bin/koha/opac-detail.pl?biblionumber=659511

MARC

LEADER 00000naa0a2200000 4500
001 659511
005 20250827095219.0
035 |a (RuTPU)RU\TPU\network\28092 
090 |a 659511 
100 |a 20190222d2018 k y0rusy50 ca 
101 0 |a rus 
102 |a RU 
135 |a drcn ---uucaa 
181 0 |a i  
182 0 |a b 
200 1 |a Получение ароматических углеводородов из низших алканов на цеолитных катализаторах, модифицированных оксидом галлия  |d Production of aromatic hydrocarbons from low alkanes on zeolite catalysts modified by galium oxide  |f С. Н. Джалилова  |g науч. рук. В. И. Ерофеев 
203 |a Текст  |c электронный 
225 1 |a Проектирование, сооружение и эксплуатация систем трубопроводного транспорта 
300 |a Заглавие с экрана 
461 |t Нефть и газ - 2018  |o 72-я Международная молодежная научная конференция, г. Москва, 23-26 апреля 2018 г.  |o тезисы докладов  |f Российский государственный университет нефти и газа им. И. М. Губкина (РГУ Нефти и Газа)  |d 2018 
463 |t Т. 2  |v [С. 315]  |d 2018 
510 1 |a Production of aromatic hydrocarbons from low alkanes on zeolite catalysts modified by galium oxide  |z eng 
610 1 |a электронный ресурс 
610 1 |a труды учёных ТПУ 
610 1 |a ароматические углеводороды 
610 1 |a цеолитсодержащие катализаторы 
700 1 |a Джалилова  |b С. Н.  |c специалист в области нефтегазового дела  |c ассистент кафедры Томского политехнического университета  |f 1990-  |g София Насибуллаевна  |3 (RuTPU)RU\TPU\pers\42440  |9 21536 
702 1 |a Ерофеев  |b В. И.  |c специалист в области нефтегазового дела  |c профессор Томского политехнического университета, доктор технических наук  |f 1946-  |g Владимир Иванович  |4 727 
712 0 2 |a Национальный исследовательский Томский политехнический университет  |b Инженерная школа природных ресурсов  |b Отделение нефтегазового дела  |3 (RuTPU)RU\TPU\col\23546 
801 1 |a RU  |b 63413507  |c 20141010 
801 2 |a RU  |b 63413507  |c 20190222  |g RCR 
856 4 |u http://neftegaz.gubkin.ru/site/assets/files/1405/sbornik_tezisov__tom_2.pdf#page=317 
942 |c CF